Icon & Heroes EAFC 26 - Statistics

General Stats
  • This quiz has been taken 122 times
    2 since last reset
  • The average score is 188 of 194
Answer Stats
OVR Nationality Position Answer % Correct
team_logos_256x256_L115935.png 89 1280px-Flag_of_Ghana.svg.png Ghana CAM Abédi Pelé
100%
team_logos_256x256_L114154.png 89 330px-Flag_of_England.svg.png England ST Alan Shearer
100%
team_logos_256x256_L114154.png 90 250px-Flag_of_Italy.svg.png Italy CAM Alessandro Del Piero
100%
team_logos_256x256_L114154.png 89 250px-Flag_of_Italy.svg.png Italy CB Alessandro Nesta
100%
programlogos_23_HEROS8 87 250px-Flag_of_Italy.svg.png Italy CB Andrea Barzagli
100%
team_logos_256x256_L114154.png 90 250px-Flag_of_Italy.svg.png Italy CM Andrea Pirlo
100%
team_logos_256x256_L114154.png 92 Flag-Spain.jpg Spain CM Andres Iniesta
100%
team_logos_256x256_L114154.png 88 Flag-Ukraine.jpg Ukraine ST Andriy Shevchenko
100%
team_logos_256x256_L115935.png 88 250px-Flag_of_Italy.svg.png Italy ST Antonio Di Natale
100%
team_logos_256x256_L114154.png 86 330px-Flag_of_England.svg.png England LB Ashley Cole
100%
team_logos_256x256_L114154.png 88 1280px-Flag_of_Germany.svg.png Germany CM Bastian Schweinsteiger
100%
team_logos_256x256_L115935.png 88 1280px-Flag_of_France.svg.png France LB Bixente Lizarazu
100%
team_logos_256x256_L114154.png 92 330px-Flag_of_England.svg.png England CAM Bobby Charlton
100%
team_logos_256x256_L114154.png 90 330px-Flag_of_England.svg.png England CB Bobby Moore
100%
team_logos_256x256_L114154.png 91 250px-Flag_of_Brazil.svg.png Brazil RB Cafu
100%
team_logos_256x256_L114154.png 89 Flag-Spain.jpg Spain CB Carles Puyol
100%
team_logos_256x256_L114154.png 91 250px-Flag_of_Brazil.svg.png Brazil RB Carlos Alberto
100%
team_logos_256x256_L115935.png 88 960px-Flag_of_Argentina.svg.png Argentina ST Carlos Tévez
100%
team_logos_256x256_L114154.png 86 330px-Flag_of_South_Korea.svg.png South Korea ST Cha Bum Kun
100%
team_logos_256x256_L114154.png 87 1280px-Flag_of_France.svg.png France CDM Claude Makelele
100%
team_logos_256x256_L115935.png 87 250px-Flag_of_Italy.svg.png Italy CM Claudio Marchisio
100%
programlogos_23_HEROS8 86 images?q=tbn:ANd9GcSwPPgB1BsjPl5Ry5nb8HoFs6WvMhZbY61bVQ&s Peru ST Claudio Pizarro
100%
programlogos_23_HEROS8 85 Flag-United-States-of-America.jpg USA CAM Clint Dempsey
100%
programlogos_23_HEROS8 85 Flag-United-States-of-America.jpg USA LM DaMarcus Beasley
100%
programlogos_23_HEROS8 87 250px-Flag_of_Italy.svg.png Italy CDM Daniele De Rossi
100%
team_logos_256x256_L114154.png 88 330px-Flag_of_England.svg.png England RM David Beckham
100%
team_logos_256x256_L115935.png 89 1280px-Flag_of_France.svg.png France LM David Ginola
100%
team_logos_256x256_L114154.png 87 250px-Civil_ensign_of_Croatia.svg.png Croatia ST Davor Suker
100%
team_logos_256x256_L114154.png 90 960px-Flag_of_the_Netherlands.svg.png Netherlands ST Dennis Bergkamp
100%
team_logos_256x256_L114154.png 89 330px-Flag_of_C%C3%B4te_d%27Ivoire.svg.png Ivory Coast ST Didier Drogba
100%
team_logos_256x256_L115935.png 88 images?q=tbn:ANd9GcQpa2WUFbcL5iwqA3sAHqkNKTlNuWs2bAuKPg&s Uruguay ST Diego Forlán
100%
team_logos_256x256_L114154.png 95 960px-Flag_of_Argentina.svg.png Argentina CAM Diego Maradona
100%
team_logos_256x256_L115935.png 88 960px-Flag_of_Argentina.svg.png Argentina ST Diego Milito
100%
programlogos_23_HEROS8 87 Flag-Bulgaria.jpg Bulgaria ST Dimitar Berbatov
100%
programlogos_23_HEROS8 86 960px-Flag_of_the_Netherlands.svg.png Netherlands CAM Dirk Kuyt
100%
team_logos_256x256_L115935.png 88 960px-Flag_of_Belgium.svg.png Belgium LM Eden Hazard
100%
team_logos_256x256_L114154.png 89 Flag-Spain.jpg Spain ST Emilio Butragueno
100%
team_logos_256x256_L114154.png 87 1280px-Flag_of_France.svg.png France CDM Emmanuel Petit
100%
team_logos_256x256_L115935.png 88 images?q=tbn:ANd9GcQpa2WUFbcL5iwqA3sAHqkNKTlNuWs2bAuKPg&s Uruguay CAM Enzo Francescoli
100%
team_logos_256x256_L114154.png 89 1280px-Flag_of_France.svg.png France ST Eric Cantona
100%
programlogos_23_HEROS8 86 960px-Flag_of_Argentina.svg.png Argentina CDM Esteban Cambiasso
100%
team_logos_256x256_L114154.png 91 1280px-Flag_of_Portugal.svg.png Portugal ST Eusebio
100%
programlogos_23_HEROS8 86 Flag_of_Poland.svg Poland ST Euzebiusz Smolarek
100%
team_logos_256x256_L114154.png 89 250px-Flag_of_Italy.svg.png Italy CB Fabio Cannavaro
100%
team_logos_256x256_L114154.png 92 Flag-Hungary.jpg?w=400&h=300&c=crop Hungary ST Ferenc Puskas
100%
team_logos_256x256_L114154.png 88 Flag-Spain.jpg Spain CB Fernando Hierro
100%
team_logos_256x256_L115935.png 89 Flag-Spain.jpg Spain ST Fernando Morientes
100%
team_logos_256x256_L114154.png 87 Flag-Spain.jpg Spain ST Fernando Torres
100%
team_logos_256x256_L114154.png 89 250px-Flag_of_Italy.svg.png Italy ST Francesco Totti
100%
team_logos_256x256_L114154.png 88 1280px-Flag_of_France.svg.png France LM Franck Ribery
100%
team_logos_256x256_L114154.png 91 250px-Flag_of_Italy.svg.png Italy CB Franco Baresi
100%
team_logos_256x256_L114154.png 87 330px-Flag_of_England.svg.png England CM Frank Lampard
100%
team_logos_256x256_L114154.png 87 960px-Flag_of_the_Netherlands.svg.png Netherlands CDM Frank Rijkaard
100%
team_logos_256x256_L114154.png 92 1280px-Flag_of_Germany.svg.png Germany CB Franz Beckenbauer
100%
programlogos_23_HEROS8 86 3840px-Flag_of_Sweden.svg.png Sweden LM Freddie Ljungberg
100%
team_logos_256x256_L114154.png 88 330px-Flag_of_Wales.svg.png Wales RW Gareth Bale
100%
team_logos_256x256_L114154.png 92 250px-Flag_of_Brazil.svg.png Brazil RW Garrincha
100%
team_logos_256x256_L114154.png 89 330px-Flag_of_England.svg.png England ST Gary Lineker
100%
team_logos_256x256_L114154.png 86 250px-Flag_of_Italy.svg.png Italy CDM Gennaro Gattuso
100%
team_logos_256x256_L114154.png 90 Flag-of-Northern-Ireland.jpg Northern Ireland RW George Best
100%
team_logos_256x256_L114154.png 92 1280px-Flag_of_Germany.svg.png Germany ST Gerd Muller
100%
programlogos_23_HEROS8 85 330px-Flag_of_C%C3%B4te_d%27Ivoire.svg.png Ivory Coast LW Gervinho
100%
team_logos_256x256_L114154.png 88 250px-Flag_of_Romania.svg.png Romania CAM Gheorghe Hagi
100%
team_logos_256x256_L114154.png 87 250px-Flag_of_Italy.svg.png Italy CAM Gianfranco Zola
100%
team_logos_256x256_L115935.png 89 250px-Flag_of_Italy.svg.png Italy ST Gianluca Vialli
100%
team_logos_256x256_L114154.png 86 250px-Flag_of_Italy.svg.png Italy RB Gianluca Zambrotta
100%
team_logos_256x256_L114154.png 91 250px-Flag_of_Italy.svg.png Italy GK Gianluigi Buffon
100%
programlogos_23_HEROS8 87 250px-Flag_of_Brazil.svg.png Brazil CDM Gilberto Silva
100%
team_logos_256x256_L114154.png 88 250px-Flag_of_Italy.svg.png Italy CB Giorgio Chiellini
100%
programlogos_23_HEROS8 86 Flag-Spain.jpg Spain CM Guti
100%
programlogos_23_HEROS8 87 Flag_of_Australia.svg Australia LW Harry Kewell
100%
team_logos_256x256_L114154.png 86 3840px-Flag_of_Sweden.svg.png Sweden ST Henrik Larsson
100%
team_logos_256x256_L114154.png 86 960px-Flag_of_Argentina.svg.png Argentina ST Hernan Crespo
100%
programlogos_23_HEROS8 87 1280px-Flag_of_Japan.svg.png Japan CAM Hidetoshi Nakata
100%
team_logos_256x256_L114154.png 89 Flag-Bulgaria.jpg Bulgaria ST Hristo Stoichkov
100%
team_logos_256x256_L114154.png 89 1280px-Flag_of_Mexico.svg.png Mexico ST Hugo Sanchez
100%
team_logos_256x256_L114154.png 87 330px-Flag_of_Wales.svg.png Wales ST Ian Rush
100%
team_logos_256x256_L114154.png 87 330px-Flag_of_England.svg.png England ST Ian Wright
100%
team_logos_256x256_L114154.png 90 Flag-Spain.jpg Spain GK Iker Casillas
100%
team_logos_256x256_L115935.png 87 960px-Flag_of_Colombia.svg.png Colombia CB Iván Córdoba
100%
team_logos_256x256_L115935.png 87 960px-Flag_of_the_Netherlands.svg.png Netherlands CB Jaap Stam
100%
team_logos_256x256_L114154.png 89 250px-Flag_of_Brazil.svg.png Brazil RW Jairzinho
100%
programlogos_23_HEROS8 86 330px-Flag_of_England.svg.png England CB Jamie Carragher
100%
team_logos_256x256_L115935.png 88 1280px-Flag_of_Finland.svg.png Finland CAM Jari Litmanen
100%
team_logos_256x256_L115935.png 88 960px-Flag_of_Argentina.svg.png Argentina CB Javier Mascherano
100%
team_logos_256x256_L114154.png 89 960px-Flag_of_Argentina.svg.png Argentina RB Javier Zanetti
100%
team_logos_256x256_L115935.png 88 330px-Flag_of_Nigeria.svg.png Nigeria CAM Jay-Jay Okocha
100%
programlogos_23_HEROS8 86 Flag_of_Poland.svg Poland GK Jerzy Dudek
100%
programlogos_23_HEROS8 86 Flag-Spain.jpg Spain LB Joan Capdevila
100%
programlogos_23_HEROS8 87 330px-Flag_of_England.svg.png England RW Joe Cole
100%
team_logos_256x256_L114154.png 93 960px-Flag_of_the_Netherlands.svg.png Netherlands CAM Johan Cruyff
100%
programlogos_23_HEROS8 86 1280px-Flag_of_Norway.svg.png Norway LB John Arne Riise
100%
team_logos_256x256_L114154.png 87 330px-Flag_of_England.svg.png England LW John Barnes
100%
team_logos_256x256_L115935.png 87 1280px-Flag_of_Mexico.svg.png Mexico GK Jorge Campos
100%
team_logos_256x256_L114154.png 88 960px-Flag_of_Argentina.svg.png Argentina CAM Juan Roman Riquelme
100%
team_logos_256x256_L114154.png 86 960px-Flag_of_Argentina.svg.png Argentina CM Juan Sebastian Veron
100%
team_logos_256x256_L115935.png 89 1280px-Flag_of_Germany.svg.png Germany CB Jürgen Kohler
100%
team_logos_256x256_L114154.png 89 1280px-Flag_of_Scotland.svg.png Scotland ST Kenny Dalglish
100%
programlogos_23_HEROS8 86 Flag-United-States-of-America.jpg USA CAM Landon Donovan
100%
team_logos_256x256_L114154.png 88 1280px-Flag_of_France.svg.png France CB Laurent Blanc
100%
programlogos_23_HEROS8 86 330px-Flag_of_England.svg.png England CB Ledley King
100%
team_logos_256x256_L114154.png 92 images?q=tbn:ANd9GcS8aXh1wxklfSR6JWR9XTb-73OGR1BkrE7R7A&s Russia GK Lev Yashin
100%
team_logos_256x256_L114154.png 88 1280px-Flag_of_France.svg.png France RB Lilian Thuram
100%
team_logos_256x256_L114154.png 90 1280px-Flag_of_Germany.svg.png Germany CM Lothar Matthaus
100%
team_logos_256x256_L115935.png 89 250px-Flag_of_Brazil.svg.png Brazil CB Lucio
100%
programlogos_23_HEROS8 86 1280px-Flag_of_France.svg.png France RM Ludovic Giuly
100%
team_logos_256x256_L114154.png 89 1280px-Flag_of_Portugal.svg.png Portugal RW Luis Figo
100%
team_logos_256x256_L114154.png 86 1280px-Flag_of_Mexico.svg.png Mexico ST Luis Hernandez
100%
team_logos_256x256_L115935.png 88 250px-Flag_of_Brazil.svg.png Brazil RB Maicon
100%
team_logos_256x256_L114154.png 88 1280px-Flag_of_France.svg.png France CB Marcel Desailly
100%
team_logos_256x256_L114154.png 89 250px-Flag_of_Brazil.svg.png Brazil LB Marcelo
100%
team_logos_256x256_L114154.png 91 960px-Flag_of_the_Netherlands.svg.png Netherlands ST Marco Van Basten
100%
team_logos_256x256_L115935.png 87 960px-Flag_of_Slovakia.svg.png Slovakia CAM Marek Hamšík
100%
team_logos_256x256_L115935.png 88 1280px-Flag_of_Germany.svg.png Germany ST Mario Gómez
100%
programlogos_23_HEROS8 86 1280px-Flag_of_Croatia.svg.png Croatia ST Mario Mandžukić
100%
team_logos_256x256_L114154.png 86 1280px-Flag_of_Ghana.svg.png Ghana CDM Michael Essien
100%
team_logos_256x256_L114154.png 88 960px-Flag_of_Denmark.svg.png Denmark CAM Michael Laudrup
100%
team_logos_256x256_L114154.png 88 330px-Flag_of_England.svg.png England ST Michael Owen
100%
team_logos_256x256_L114154.png 88 1280px-Flag_of_Germany.svg.png Germany ST Miroslav Klose
100%
programlogos_23_HEROS8 85 images?q=tbn:ANd9GcSMR3MMr2fe9rYzUaOnBZlpbfRtBH6tUNLvVA&s Saudi Arabia CAM Mohammed Noor
100%
team_logos_256x256_L114154.png 87 1280px-Flag_of_Serbia.svg.png Serbia CB Nemanja Vidic
100%
programlogos_23_HEROS8 86 330px-Flag_of_Nigeria.svg.png Nigeria ST Nwankwo Kanu
100%
programlogos_23_HEROS8 86 1280px-Flag_of_Norway.svg.png Norway ST Ole Gunnar Solskjær
100%
team_logos_256x256_L114154.png 91 1280px-Flag_of_Germany.svg.png Germany GK Oliver Kahn
100%
team_logos_256x256_L114154.png 92 250px-Flag_of_Italy.svg.png Italy CB Paolo Maldini
100%
programlogos_23_HEROS8 86 330px-Flag_of_South_Korea.svg.png South Korea LM Park Ji-sung
100%
team_logos_256x256_L114154.png 87 960px-Flag_of_the_Netherlands.svg.png Netherlands ST Patrick Kluivert
100%
team_logos_256x256_L114154.png 88 1280px-Flag_of_France.svg.png France CM Patrick Vieira
100%
team_logos_256x256_L115935.png 88 1280px-Flag_of_Portugal.svg.png Portugal LW Paulo Futre
100%
team_logos_256x256_L114154.png 88 330px-Flag_of_England.svg.png England CM Paul Scholes
100%
team_logos_256x256_L114154.png 88 Flag_of_the_Czech_Republic.svg Czech Republic LM Pavel Nedved
100%
team_logos_256x256_L114154.png 95 250px-Flag_of_Brazil.svg.png Brazil CAM Pele
100%
programlogos_23_HEROS8 85 330px-Flag_of_England.svg.png England ST Peter Crouch
100%
team_logos_256x256_L114154.png 89 960px-Flag_of_Denmark.svg.png Denmark GK Peter Schmeichel
100%
team_logos_256x256_L114154.png 88 Flag_of_the_Czech_Republic.svg Czech Republic GK Petr Cech
100%
team_logos_256x256_L114154.png 89 1280px-Flag_of_Germany.svg.png Germany RB Philipp Lahm
100%
team_logos_256x256_L115935.png 88 1280px-Flag_of_Mexico.svg.png Mexico CB Rafael Márquez
100%
programlogos_23_HEROS8 86 250px-Flag_of_Brazil.svg.png Brazil CDM Ramires
100%
team_logos_256x256_L114154.png 90 Flag-Spain.jpg Spain ST Raul Gonzalez
100%
team_logos_256x256_L115935.png 88 1280px-Flag_of_Portugal.svg.png Portugal CB Ricardo Carvalho
100%
team_logos_256x256_L114154.png 89 250px-Flag_of_Brazil.svg.png Brazil CAM Ricardo Kaka
100%
programlogos_23_HEROS8 85 1280px-Flag_of_Portugal.svg.png Portugal RW Ricardo Quaresma
100%
team_logos_256x256_L114154.png 88 330px-Flag_of_England.svg.png England CB Rio Ferdinand
100%
team_logos_256x256_L114154.png 90 250px-Flag_of_Brazil.svg.png Brazil LW Rivaldo
100%
programlogos_23_HEROS8 86 Flag_of_Ireland.svg Republic of Ireland ST Robbie Keane
100%
team_logos_256x256_L114154.png 91 250px-Flag_of_Italy.svg.png Italy CAM Roberto Baggio
100%
team_logos_256x256_L114154.png 90 250px-Flag_of_Brazil.svg.png Brazil LB Roberto Carlos
100%
team_logos_256x256_L114154.png 87 1280px-Flag_of_France.svg.png France LM Robert Pires
100%
team_logos_256x256_L114154.png 88 960px-Flag_of_the_Netherlands.svg.png Netherlands ST Robin van Persie
100%
team_logos_256x256_L114154.png 93 250px-Flag_of_Brazil.svg.png Brazil LW Ronaldinho
100%
team_logos_256x256_L114154.png 88 960px-Flag_of_the_Netherlands.svg.png Netherlands CB Ronald Koeman
100%
team_logos_256x256_L114154.png 94 250px-Flag_of_Brazil.svg.png Brazil ST Ronaldo
100%
team_logos_256x256_L114154.png 86 Flag_of_Ireland.svg Republic of Ireland CM Roy Keane
100%
team_logos_256x256_L115935.png 89 1280px-Flag_of_Germany.svg.png Germany ST Rudi Völler
100%
programlogos_23_HEROS8 87 1280px-Flag_of_Portugal.svg.png Portugal CAM Rui Costa
100%
team_logos_256x256_L114154.png 90 960px-Flag_of_the_Netherlands.svg.png Netherlands CAM Ruud Gullit
100%
programlogos_23_HEROS8 85 images?q=tbn:ANd9GcSMR3MMr2fe9rYzUaOnBZlpbfRtBH6tUNLvVA&s Saudi Arabia RW Saeed Al-Owairan
100%
programlogos_23_HEROS8 86 images?q=tbn:ANd9GcSMR3MMr2fe9rYzUaOnBZlpbfRtBH6tUNLvVA&s Saudi Arabia ST Sami Al-Jaber
100%
team_logos_256x256_L114154.png 89 Flag-Cameroon.jpg Cameroon ST Samuel Eto'o
100%
programlogos_23_HEROS8 85 330px-Flag_of_C%C3%B4te_d%27Ivoire.svg.png Ivory Coast ST Seydou Doumbia
100%
programlogos_23_HEROS8 86 1280px-Flag_of_France.svg.png France ST Sidney Govou
100%
team_logos_256x256_L114154.png 89 250px-Flag_of_Brazil.svg.png Brazil CAM Socrates
100%
team_logos_256x256_L114154.png 86 330px-Flag_of_England.svg.png England CB Sol Campbell
100%
team_logos_256x256_L114154.png 88 330px-Flag_of_England.svg.png England CM Steven Gerrard
100%
team_logos_256x256_L114154.png 91 1280px-Flag_of_France.svg.png France ST Thierry Henry
100%
programlogos_23_HEROS8 85 Flag_of_Australia.svg Australia ST Tim Cahill
100%
programlogos_23_HEROS8 85 Flag-United-States-of-America.jpg USA GK Tim Howard
100%
team_logos_256x256_L115935.png87 3840px-Flag_of_Sweden.svg.png Sweden ST Tomas Brolin
100%
programlogos_23_HEROS8 86 Flag_of_the_Czech_Republic.svg Czech Republic CAM Tomáš Rosický
100%
team_logos_256x256_L114154.png 90 1280px-Flag_of_Germany.svg.png Germany CM Toni Kroos
100%
team_logos_256x256_L114154.png 88 960px-Flag_of_the_Netherlands.svg.png Netherlands GK van der Sar
100%
team_logos_256x256_L114154.png 89 960px-Flag_of_the_Netherlands.svg.png Netherlands ST van Nistelrooy
100%
programlogos_23_HEROS8 85 960px-Flag_of_Colombia.svg.png Colombia RW Víctor Ibarbo
100%
team_logos_256x256_L115935.png 88 960px-Flag_of_Belgium.svg.png Belgium CB Vincent Kompany
100%
team_logos_256x256_L114154.png 88 330px-Flag_of_England.svg.png England ST Wayne Rooney
100%
team_logos_256x256_L115935.png 88 960px-Flag_of_the_Netherlands.svg.png Netherlands CAM Wesley Sneijder
100%
team_logos_256x256_L114154.png 87 Flag-Spain.jpg Spain CDM Xabi Alonso
100%
team_logos_256x256_L114154.png 91 Flag-Spain.jpg Spain CM Xavi
100%
team_logos_256x256_L115935.png 87 330px-Flag_of_C%C3%B4te_d%27Ivoire.svg.png Ivory Coast CDM Yaya Touré
100%
team_logos_256x256_L114154.png 91 250px-Flag_of_Brazil.svg.png Brazil CAM Zico
100%
team_logos_256x256_L114154.png 94 1280px-Flag_of_France.svg.png France CAM Zinedine Zidane
100%
team_logos_256x256_L114154.png 91 3840px-Flag_of_Sweden.svg.png Sweden ST Zlatan Ibrahimovic
100%
programlogos_23_HEROS8 86 1280px-Flag_of_France.svg.png France CDM Blaise Matuidi
50%
team_logos_256x256_L115935.png 88 Flag-Spain.jpg Spain CM Cesc Fabregas
50%
team_logos_256x256_L115935.png 88 images?q=tbn:ANd9GcQ-xzy30ng36O0C_VQ67lcqzVBVkg9Wr03hrw&s Chile ST Ivan Zamorano
50%
team_logos_256x256_L115935.png 89 1280px-Flag_of_France.svg.png France ST Jean-Pierre Papin
50%
programlogos_23_HEROS8 85 330px-Flag_of_England.svg.png England RB Micah Richards
50%
programlogos_23_HEROS8 87 Flag-Spain.jpg Spain RB Michel Salgado
50%
programlogos_23_HEROS8 86 1280px-Flag_of_Germany.svg.png Germany ST Oliver Bierhoff
50%
programlogos_23_HEROS8 87 960px-Flag_of_Argentina.svg.png Argentina CAM Pablo Aimar
50%
programlogos_23_HEROS8 87 960px-Flag_of_the_Netherlands.svg.png Netherlands ST Roy Makaay
50%
programlogos_23_HEROS8 86 1280px-Flag_of_Germany.svg.png Germany RM Uli Hoeneß
50%
team_logos_256x256_L115935.png 87 250px-Flag_of_Brazil.svg.png Brazil LM Zé Roberto
50%
team_logos_256x256_L115935.png 87 330px-Flag_of_England.svg.png England RM Steve McManaman
0%
No matching quizzes found
Score Distribution
Percent of People with Each Score
Percentile by Number Answered
Your Score History
You have not taken this quiz since the last reset